000 00384nam a2200169Ia 4500
001 3834
003 IN-NITTTR
005 20251114232951.0
008 251113s9999||||xx |||||||||||||| ||eng||
040 _beng
040 _cIN-NITTTR
041 _aeng
082 _a624.1834 N416P
100 _aNeville, A. M.
245 0 _aProperties of concrete /
_cNeville, A. M.
942 _2ddc
_cBK
999 _c6164
_d6164